000
00412nam a2200157Ia 4500
003
LDD
008
190117s9999 xx 000 0 und d
020
_c
₹60
040
_c
LDD
041
_a
hi
100
_a
मनोजदास
245
0
_a
घूमाभ दिगन्त
_c
मनोजदास
260
_a
नई दिल्ली
_b
भारतीय
_c
1991
300
_a
15138
942
_2
ddc
_c
H
999
_c
165874
_d
165874